[Event "GRE-chT Online Rapid (Women) 1st"]
[Site "Tornelo INT"]
[Date "2021.02.21"]
[Round "9.9"]
[White "Sarafoglou, Maria"]
[Black "Vlachopoulou, Isavella Maria"]
[Result "1-0"]
[WhiteElo "1339"]
[BlackElo "1162"]
[PlyCount "117"]
[EventDate "2021.02.20"]
[EventType "team-swiss (rapid)"]
[EventRounds "9"]
[EventCountry "GRE"]
[SourceTitle "EXT 2023"]
[Source "ChessBase"]
[SourceDate "2022.10.05"]
[SourceVersion "1"]
[SourceVersionDate "2022.10.05"]
[SourceQuality "1"]

1. d4 d5 2. Nf3 e6 3. e3 c6 4. c4 Nd7 5. Nc3 Ngf6 6. c5 Qc7 7. Bd3 b6 8. b4 Bb7 9. 0-0 g6 10. Bb2 Bg7 11. a4 bxc5 12. dxc5 a6 13. Qc2 0-0 14. e4 e5 15. exd5 Nxd5 16. Rfe1 Nxb4 17. Qd2 Nxd3 18. Qxd3 Nxc5 19. Qc2 Ne6 20. Rab1 Nd4 21. Nxd4 exd4 22. Ne4 f5 23. Nc5 Bc8 24. Qc4+ Kh8 25. Bxd4 Bxd4 26. Qxd4+ Qg7 27. Qd6 Qf6 28. Qxf6+ Rxf6 29. Re8+ Kg7 30. Rbe1 Rd6 31. g3 Rd5 32. Nxa6 Rxa6 33. Rxc8 Rc5 34. Rc7+ Kf6 35. Rxh7 Rxa4 36. Ree7 Rc1+ 37. Kg2 Rc2 38. Rhf7+ Kg5 39. h4+ Kg4 40. Rf6 Raa2 41. Rxg6+ Kh5 42. Rg5+ Kh6 43. Re6+ Kh7 44. Rxf5 c5 45. Rf7+ Kg8 46. Ree7 c4 47. Rg7+ Kf8 48. Rgf7+ Kg8 49. Rc7 c3 50. Rf3 Ra3 51. h5 Rc1 52. h6 Ra8 53. h7+ Kh8 54. Rfxc3 Rxc3 55. Rxc3 Kxh7 56. Rc7+ Kg6 57. f4 Kf5 58. Rc5+ Kg4 59. Rg5# 1-0

[Event "GRE-chT Online Rapid (Women) 1st"]
[Site "Tornelo INT"]
[Date "2021.02.21"]
[Round "6.11"]
[White "Tripolitaki, Eirini"]
[Black "Vlachopoulou, Isavella Maria"]
[Result "0-1"]
[WhiteElo "1056"]
[BlackElo "1162"]
[PlyCount "52"]
[EventDate "2021.02.20"]
[EventType "team-swiss (rapid)"]
[EventRounds "9"]
[EventCountry "GRE"]
[SourceTitle "EXT 2023"]
[Source "ChessBase"]
[SourceDate "2022.10.05"]
[SourceVersion "1"]
[SourceVersionDate "2022.10.05"]
[SourceQuality "1"]

1. e4 e6 2. Nc3 d5 3. e5 c5 4. Nf3 Nc6 5. d3 Qc7 6. Bf4 a6 7. d4 cxd4 8. Nxd4 Nxd4 9. Qxd4 Ne7 10. Qa4+ Bd7 11. Bb5 0-0-0 12. Bxd7+ Rxd7 13. 0-0 Nc6 14. a3 Qa5 15. Be3 d4 16. Bxd4 Rxd4 17. Qxa5 Nxa5 18. b4 Nc4 19. Rfe1 Be7 20. a4 Rhd8 21. a5 Bxb4 22. Ne2 Bxe1 23. Nxd4 Rxd4 24. Rxe1 Nxa5 25. Re3 Rd1+ 26. Re1 Rxe1# 0-1